| 000 | 00463nam a2200181 a 4500 | ||
|---|---|---|---|
| 001 | 1760689250582 | ||
| 003 | ACL | ||
| 005 | 20251017135247.0 | ||
| 008 | 251017s2010##################000#0#eng## | ||
| 020 | _a9788190939614 | ||
| 082 | 0 | 4 |
_a658.450973 _bSTE |
| 100 | 1 |
_aGross, Becky L. Stewart, _eauthor. |
|
| 245 | 1 | 0 | _aSleeping With Your Business Partner : |
| 260 | _c2010. | ||
| 650 | 0 | _aBusiness communication. | |
| 942 | _cENGLISH | ||
| 040 |
_aACL _beng _cACL |
||
| 999 |
_c592113 _d592113 |
||